Carsten Rasmussen: Peniaze nebudú čakať večne
Rozhovor s Carstenom Rasmussenom koordinátorom projektov ISPA. Podľa Rasmussena slabinou Slovenska je komunikácia. Nedostatočná pripravenosť projektov ISPA. Slovensko ešte nezačalo realizovať ani jeden z projektov ISPA. Otázka príjemcu peňazí. Pripravenosť na Kohézny fond či štrukturálne fondy po vs...
Saved in:
| Main Author: | |
|---|---|
| Other Authors: | |
| Format: | Book Chapter |
| Language: | Slovak |
| Subjects: | |
| Tags: |
No Tags, Be the first to tag this record!
|
MARC
| LEADER | 00000naa a2200000 4500 | ||
|---|---|---|---|
| 001 | r047197 | ||
| 005 | 20230921113620.6 | ||
| 041 | 0 | |a slo | |
| 044 | |a SK | ||
| 245 | 1 | 0 | |a Carsten Rasmussen: Peniaze nebudú čakať večne |c Katarína Začková, Carsten Rasmussen |
| 520 | |a Rozhovor s Carstenom Rasmussenom koordinátorom projektov ISPA. Podľa Rasmussena slabinou Slovenska je komunikácia. Nedostatočná pripravenosť projektov ISPA. Slovensko ešte nezačalo realizovať ani jeden z projektov ISPA. Otázka príjemcu peňazí. Pripravenosť na Kohézny fond či štrukturálne fondy po vstupe do EÚ. | ||
| 610 | 2 | 0 | |a pomoc finančná |
| 610 | 2 | 0 | |a pomoc rozvojová |
| 610 | 2 | 0 | |a fondy finančné |
| 610 | 2 | 0 | |a projekty |
| 610 | 2 | 0 | |a Slovensko |
| 610 | 2 | 0 | |a Európska únia |
| 610 | 2 | 0 | |a ISPA |
| 100 | 1 | |a Začková, Katarína | |
| 700 | 1 | |a Rasmussen, Carsten | |